LEADER 00669nab a2200133 i 4500 001 000000320851 003 CaOOAMICUS 005 20180831173334.0 008 180831n it uu u0 0ita r 013 $a31069 040 $aSeMil$bita 245 10$aQuadriennio Teologico. - Il Seminario, luogo di vita e relazioni, per imparare ad aprirsi al mondo. - In [rubrica] :$bNotizie dai seminari. 773 0 $tInsieme per un coraggioso salto di qualità. - 32 p. - Titolo dalla copertina.$gp.22-23$w()277245 996 $6245$aQuadriennio Teologico. - Il Seminario, luogo di vita e relazioni, per imparare ad aprirsi al mondo. - In [rubrica] :$bNotizie dai seminari.$9(OLS)http://semarc/title/394409 LEADER 00971nam a2200253 i 4500 001 000000068013 003 CaOOAMICUS 005 20071010000000.0 008 071010s1998 it u000 u ita u 013 $a39185 020 $a88-04-43603-4 040 $aSeMil$bita 100 1 $aParazzoli, Ferruccio,$d<1935- >.$0(OLS)http://semarc/name/17209 245 13$aLa camera alta :$bromanzo /$cFerruccio Parazzoli. 260 $aMilano :$bArnoldo Mondadori Editore,$c1998. 300 $a332 p. ;$c23 cm. 490 0 $aScrittori italiani 830 0$aScrittori italiani.$0(OLS)http://semarc/title/6775 850 $aSeMil 852 $aSeMil$W1$xVenegono$y1$m1A VI 212$j246341$B34166$CSeMilBibl$Z2$F34169 $81 961 $aOmaggio: Donazione 996 $6020$a88-04-43603-4$9(OLS)http://semarc/number/46108 996 $6245$aLa camera alta :$bromanzo$9(OLS)http://semarc/title/108503 996 $6260$aMilano :$bArnoldo Mondadori Editore$9(OLS)http://semarc/publisher/30056